| 000 | 00408nam a22001577a 4500 | ||
|---|---|---|---|
| 003 | NUST - PNEC | ||
| 005 | 20170116181112.0 | ||
| 008 | 151003b xxu||||| |||| 00| 0 eng d | ||
| 040 | _cLIBRARY | ||
| 082 | _a954.9105 MUS | ||
| 100 |
_912976 _aMushtaq Ahmed |
||
| 245 |
_aPakistan at the crossroads _cMushtaq Ahmed |
||
| 260 | _c1985 | ||
| 650 |
_912579 _aPolitics and government _xGeneral |
||
| 942 |
_2ddc _cBK |
||
| 999 |
_c69156 _d69156 |
||